000 00718cam a2200145 4500500
005 20251228053400.0
041 _afre
042 _adc
100 1 0 _aVue, Blandine
_eauthor
245 0 0 _aAndrée Corvol-Dessert, (dir.), Les Forêts d’Occident du Moyen Âge à nos jours. Actes des xxive Journées internationales d’Histoire de l’Abbaye de Flaran (6-8 septembre 2002), Toulouse, Presses universitaires du Mirail, 2004, 302 p., 28 €, isbn 2858167176
260 _c2005.
500 _a1
786 0 _nHistoire & Sociétés Rurales | 24 | 2 | 2005-10-01 | p. 171q-276q | 1254-728X
856 4 1 _uhttps://shs.cairn.info/revue-histoire-et-societes-rurales-2005-2-page-171q?lang=fr&redirect-ssocas=7080
999 _c1585309
_d1585309